000 00433nam a2200157 i 4500
001 bg
100 1 _aEMELJANOV, V. S.
245 0 _aMetallurgija jadernogo gorjučego :
_bsvojstva i osnovy technologii urana, plutonija i torija /
_cV.S. Emeljanov.
250 _aIzd.2.
260 _aMoskva,
_c1968.
040 _cBPK
041 _apol
080 _a669.2/.8:61.039.543
942 _cKS
008 s pl f |000 0 pol
999 _c12656
_d12656
856 _uhttp://koha.tu.koszalin.pl/cgi-bin/koha/opac-detail.pl?biblionumber=12656
_yKatalog online BPK